[Event "TH-S-0980"]
[Site "IECC email"]
[Date "2017.04.26"]
[Round "?"]
[White "Kohler, Hans Christian"]
[Black "Sylvester, Gary"]
[Result "1-0"]
[WhiteElo "1781"]
[BlackElo "1637"]
[PlyCount "57"]
[EventDate "2017.??.??"]
[EventType "tourn (corr)"]
[SourceTitle "Corr 2020"]
[Source "ChessBase"]
[SourceDate "2019.09.30"]
[SourceVersion "1"]
[SourceVersionDate "2019.09.30"]
[SourceQuality "1"]
[WhiteTeam "Germany"]
[BlackTeam "United States"]
[WhiteTeamCountry "GER"]
[BlackTeamCountry "USA"]

1. e4 c5 2. Nf3 d6 3. d4 cxd4 4. Nxd4 Nf6 5. Nc3 g6 6. Be3 Bg7 7. f3 Nc6 8. Qd2 0-0 9. g4 Nd7 10. 0-0-0 Nde5 11. Be2 Na5 12. b3 Bd7 13. h4 Rc8 14. h5 Nac6 15. Nxc6 Nxc6 16. Bh6 Bxh6 17. Qxh6 g5 18. Qxg5+ Kh8 19. h6 Rg8 20. Qd2 Qa5 21. Na4 Qxd2+ 22. Rxd2 Ne5 23. Nb2 b5 24. Nd3 Nxd3+ 25. Bxd3 a6 26. Kb2 Be6 27. Rh5 f6 28. Ka3 Bf7 29. Rh4 1-0

[Event "IECC O-4340"]
[Site "IECC email"]
[Date "2016.06.20"]
[Round "?"]
[White "Sylvester, Gary"]
[Black "Basson, Heinrich"]
[Result "1/2-1/2"]
[WhiteElo "1626"]
[BlackElo "1630"]
[PlyCount "40"]
[EventDate "2016.??.??"]
[EventType "swiss (corr)"]
[EventRounds "2"]
[SourceTitle "Corr 2020"]
[Source "ChessBase"]
[SourceDate "2019.09.30"]
[SourceVersion "1"]
[SourceVersionDate "2019.09.30"]
[SourceQuality "1"]
[WhiteTeam "United States"]
[BlackTeam "South Africa"]
[WhiteTeamCountry "USA"]
[BlackTeamCountry "RSA"]

1. d4 d5 2. Nf3 Nf6 3. c4 c6 4. Nc3 e6 5. e3 Be7 6. Qc2 0-0 7. Bd3 a6 8. c5 Nbd7 9. 0-0 h6 10. e4 dxe4 11. Nxe4 Nd5 12. a3 b6 13. b4 a5 14. Bd2 Ba6 15. Bxa6 Rxa6 16. bxa5 bxc5 17. Nxc5 Nxc5 18. dxc5 Qc7 19. Rab1 Rb8 20. Rxb8+ Qxb8 1/2-1/2

[Event "IECC M1-2016.T027"]
[Site "IECC email"]
[Date "2016.06.16"]
[Round "?"]
[White "Sylvester, Gary"]
[Black "Keiper, Archie"]
[Result "1/2-1/2"]
[WhiteElo "1613"]
[BlackElo "1803"]
[PlyCount "100"]
[EventDate "2016.??.??"]
[EventType "match (corr)"]
[EventRounds "2"]
[SourceTitle "Corr 2020"]
[Source "ChessBase"]
[SourceDate "2019.09.30"]
[SourceVersion "1"]
[SourceVersionDate "2019.09.30"]
[SourceQuality "1"]
[WhiteTeam "United States"]
[BlackTeam "United States"]
[WhiteTeamCountry "USA"]
[BlackTeamCountry "USA"]

1. Nf3 d5 2. d4 e6 3. e3 b6 4. Bd3 Bb7 5. 0-0 Nf6 6. c4 dxc4 7. Bxc4 Be7 8. Nc3 a6 9. Qe2 b5 10. Bd3 Nbd7 11. e4 c5 12. e5 Nd5 13. Qc2 Nb4 14. Qd1 Bxf3 15. Qxf3 cxd4 16. Be4 Rc8 17. Ne2 d3 18. Nc3 Nxe5 19. Qg3 Nc4 20. Qxg7 Bf6 21. Qh6 d2 22. Bxd2 Nxd2 23. Rfd1 Bg5 24. Qg7 Rf8 25. a3 Nc6 26. Bxc6+ Rxc6 27. Ne4 Nxe4 28. Rxd8+ Bxd8 29. Qxh7 Nf6 30. Qd3 Nd5 31. Re1 Kd7 32. g3 Bf6 33. Qe2 Rd8 34. h4 Ke7 35. h5 Bg7 36. Qd2 Nc7 37. Qe2 Rc4 38. Kf1 Nd5 39. Kg2 Kf8 40. Rh1 Bh6 41. Re1 Kg8 42. Rd1 Rdc8 43. Rd3 Bg7 44. b3 R4c7 45. Qg4 Kh8 46. Qf3 Rd7 47. a4 Rc5 48. Qe4 Kg8 49. Rf3 Rdc7 50. Qh4 Kh7 1/2-1/2

[Event "IECC CL4-2016.01 email"]
[Site "IECC email"]
[Date "2016.06.14"]
[Round "?"]
[White "Keiper, Archie"]
[Black "Sylvester, Gary"]
[Result "1-0"]
[WhiteElo "1825"]
[BlackElo "1626"]
[PlyCount "71"]
[EventDate "2016.??.??"]
[EventType "tourn (corr)"]
[EventRounds "4"]
[SourceTitle "Corr 2020"]
[Source "ChessBase"]
[SourceDate "2019.09.30"]
[SourceVersion "1"]
[SourceVersionDate "2019.09.30"]
[SourceQuality "1"]
[WhiteTeam "United States"]
[BlackTeam "United States"]
[WhiteTeamCountry "USA"]
[BlackTeamCountry "USA"]

1. e4 e6 2. d4 d5 3. Be3 dxe4 4. Nd2 Nf6 5. f3 Nd5 6. Qe2 Nc6 7. c3 exf3 8. Ngxf3 Be7 9. Bf2 0-0 10. g3 b6 11. Bg2 Bb7 12. 0-0 Ne5 13. Nxe5 Qc8 14. c4 Nf6 15. Nc6 Bxc6 16. Bxc6 Rb8 17. Nb3 Bd6 18. Rae1 a5 19. Be3 a4 20. Nd2 a3 21. b3 Bb4 22. Bg5 Ne8 23. Qg4 Kh8 24. Re2 f6 25. Qxe6 Qxe6 26. Rxe6 fxg5 27. Rxf8+ Bxf8 28. Bxe8 h6 29. Ne4 Rd8 30. d5 Kg8 31. Nc3 Rd6 32. Nb5 Rxe6 33. dxe6 Bc5+ 34. Kg2 Kf8 35. Bd7 Ke7 36. Nxc7 1-0

[Event "TH-S-0903"]
[Site "IECC email"]
[Date "2016.05.05"]
[Round "?"]
[White "Keiper, Archie"]
[Black "Sylvester, Gary"]
[Result "1-0"]
[WhiteElo "1801"]
[BlackElo "1681"]
[PlyCount "41"]
[EventDate "2016.??.??"]
[EventType "tourn (corr)"]
[SourceTitle "Corr 2020"]
[Source "ChessBase"]
[SourceDate "2019.09.30"]
[SourceVersion "1"]
[SourceVersionDate "2019.09.30"]
[SourceQuality "1"]
[WhiteTeam "United States"]
[BlackTeam "United States"]
[WhiteTeamCountry "USA"]
[BlackTeamCountry "USA"]

1. e4 Nf6 2. e5 Nd5 3. b3 g6 4. c4 Nb4 5. d4 d6 6. a3 N4c6 7. Ne2 Bg7 8. f4 0-0 9. d5 dxe5 10. dxc6 Qxd1+ 11. Kxd1 Nxc6 12. Bb2 Rd8+ 13. Nd2 Bf5 14. b4 Rd7 15. Ke1 Rad8 16. Nb3 a6 17. b5 Nd4 18. Nexd4 exd4 19. Nc5 axb5 20. Nxd7 Rxd7 21. cxb5 1-0

[Event "IECC CL4-2015.06 email"]
[Site "IECC email"]
[Date "2016.03.13"]
[Round "?"]
[White "Sylvester, Gary"]
[Black "Hill, Remy"]
[Result "0-1"]
[WhiteElo "1718"]
[BlackElo "1600"]
[PlyCount "58"]
[EventDate "2016.??.??"]
[EventType "tourn (corr)"]
[EventRounds "4"]
[SourceTitle "Corr 2020"]
[Source "ChessBase"]
[SourceDate "2019.09.30"]
[SourceVersion "1"]
[SourceVersionDate "2019.09.30"]
[SourceQuality "1"]
[WhiteTeam "United States"]
[BlackTeam "England"]
[WhiteTeamCountry "USA"]
[BlackTeamCountry "ENG"]

1. d4 e6 2. Nf3 f5 3. Nc3 d5 4. Bg5 Nf6 5. e3 c5 6. Ne5 c4 7. a3 Be7 8. Be2 Nc6 9. Nxc6 bxc6 10. 0-0 0-0 11. Bf4 Bd7 12. Be5 Be8 13. f4 c5 14. h3 Ne4 15. Nxe4 fxe4 16. c3 cxd4 17. cxd4 Bf6 18. Bg4 Qb6 19. Rb1 Bb5 20. a4 Ba6 21. Be2 Bxe5 22. fxe5 Rxf1+ 23. Bxf1 Bc8 24. Qc2 a5 25. b3 Rb8 26. Qf2 Qc6 27. Be2 Rxb3 28. Rxb3 cxb3 29. Bf1 Qc2 0-1

[Event "IECC CL4-2015.06 email"]
[Site "IECC email"]
[Date "2016.03.13"]
[Round "?"]
[White "Sylvester, Gary"]
[Black "Laudati, Lelio"]
[Result "0-1"]
[WhiteElo "1696"]
[BlackElo "1725"]
[PlyCount "70"]
[EventDate "2016.??.??"]
[EventType "tourn (corr)"]
[EventRounds "4"]
[SourceTitle "Corr 2020"]
[Source "ChessBase"]
[SourceDate "2019.09.30"]
[SourceVersion "1"]
[SourceVersionDate "2019.09.30"]
[SourceQuality "1"]
[WhiteTeam "United States"]
[BlackTeam "Italy"]
[WhiteTeamCountry "USA"]
[BlackTeamCountry "ITA"]

1. d4 f5 2. Nc3 d5 3. Bg5 Nf6 4. Bxf6 exf6 5. e3 Be6 6. a3 Nc6 7. Bd3 Qd7 8. Nge2 g5 9. h3 0-0-0 10. Qd2 h5 11. 0-0-0 Ne7 12. g3 h4 13. f4 Kb8 14. Kb1 Nc8 15. Rhg1 hxg3 16. Rxg3 Be7 17. Ng1 Nd6 18. Nf3 Ne4 19. Bxe4 fxe4 20. Ne1 Rxh3 21. Qg2 Rxg3 22. Qxg3 Rh8 23. Qf2 g4 24. Ne2 Qb5 25. Nc3 Qc4 26. Na2 f5 27. b3 Qa6 28. a4 Rh1 29. Qd2 Qf1 30. Kb2 Bh4 31. Ng2 Qxd1 32. Qxd1 Rxd1 33. Nxh4 Rh1 34. Ng6 g3 35. Nc3 g2 0-1

[Event "IECC CL3-2011.04 email"]
[Site "IECC email"]
[Date "2011.05.19"]
[Round "?"]
[White "Bascetta, Biagio J"]
[Black "Sylvester, Gary"]
[Result "1-0"]
[WhiteElo "1848"]
[BlackElo "1789"]
[PlyCount "47"]
[EventDate "2011.??.??"]
[EventType "tourn (corr)"]
[EventRounds "4"]
[SourceTitle "Telechess CBM 145"]
[Source "Chessbase"]
[SourceDate "2011.11.11"]
[SourceVersion "1"]
[SourceVersionDate "2011.11.11"]
[SourceQuality "1"]
[WhiteTeam "Italy"]
[BlackTeam "US of America"]
[WhiteTeamCountry "ITA"]
[BlackTeamCountry "USA"]

1. e4 c5 2. Nf3 d6 3. h3 Nf6 4. Nc3 g6 5. Bc4 Bg7 6. 0-0 0-0 7. d3 Nc6 8. a3 Bd7 9. Bg5 Rc8 10. Be3 Ne8 11. Rb1 e6 12. Bg5 Ne7 13. Qd2 Qc7 14. Bxe7 Nf6 15. Bxf8 Kxf8 16. Rfe1 h6 17. e5 dxe5 18. Nxe5 a6 19. a4 Be8 20. Qe3 b5 21. axb5 axb5 22. Bxb5 Bxb5 23. Nxb5 Qb7 24. Nd6 1-0